Loading...
| Literature - European | 0 | 11 | 2 | 0 | 100 | 82 | 102.91 | 1 | 4 | 0.00 | 0.00 |
| Literature - American | 0 | 10 | 0 | 1 | 100 | 57 | 100.90 | 2 | 5 | 0.00 | 0.00 |
| Literature - British | 0 | 10 | 0 | 2 | 100 | 52 | 107.30 | 2 | 4 | 0.00 | 0.00 |
| Fine Arts - Classical Music | 0 | 9 | 2 | 2 | 80 | 84 | 109.22 | 0 | 1 | 0.00 | 0.00 |
| Literature - World | 0 | 8 | 0 | 1 | 80 | 67 | 110.25 | 0 | 1 | 0.00 | 0.00 |
| Fine Arts - Other | 0 | 7 | 4 | 0 | 50 | 38 | 98.29 | 1 | 2 | 0.00 | 0.00 |
| Painting & Sculpture | 0 | 5 | 1 | 1 | 45 | 73 | 107.80 | 0 | 0 | 0.00 | 0.00 |
| Social Science | 0 | 2 | 0 | 1 | 20 | 84 | 116.00 | 0 | 0 | 0.00 | 0.00 |
| History - European | 0 | 2 | 0 | 0 | 20 | 46 | 76.50 | 0 | 1 | 0.00 | 0.00 |
| Religion | 0 | 2 | 0 | 1 | 20 | 69 | 105.50 | 0 | 0 | 0.00 | 0.00 |
| Philosophy | 0 | 2 | 1 | 1 | 15 | 93 | 113.00 | 0 | 0 | 0.00 | 0.00 |
| Science - Other | 0 | 2 | 1 | 2 | 15 | 103 | 118.00 | 0 | 0 | 0.00 | 0.00 |
| History - World | 0 | 1 | 0 | 0 | 10 | 67 | 67.00 | 0 | 1 | 0.00 | 0.00 |
| Any History | 0 | 1 | 0 | 0 | 10 | 109 | 109.00 | 0 | 0 | 0.00 | 0.00 |
| Other Academic | 0 | 1 | 2 | 0 | 0 | 147 | 147.00 | 0 | 0 | 0.00 | 0.00 |